Diccionario ilustrado de la lengua española /

Obra de referencia del idioma español actualizado con los cambios que propone la 22ª edición del Diccionario de la Real Academia Española. Incluye un glosario de la lengua mapuche y la lista de presidentes y de los Premios Nacionales de Literatura y de Ciencias de Chile.

Kaydedildi:
Detaylı Bibliyografya
Yazar: Elizalde, María Isabel (autor)
Materyal Türü: Kitap
Dil:İspanyolca
Baskı/Yayın Bilgisi: Santiago, Chile : Zig-Zag, 2005, c2005
Edisyon:5a edición
Konular:
Etiketler: Etiketle
Etiket eklenmemiş, İlk siz ekleyin!

MARC

LEADER 00000nam^a2200000^a^4500
001 000184816
005 20250521000000.0
009 20260310102130.217
020 |a 956-12-1711-2 
037 |a Acervo ITESO - Biblioteca 
041 |a ESP 
082 |a 463.  |b ZIG 
100 |a Elizalde, María Isabel  |e (autor) 
245 1 0 |a Diccionario ilustrado de la lengua española /  |c M.I. Elizalde... [et al.]. 
250 |a 5a edición  |b revisada y aumentada 
264 4 |a Santiago, Chile :  |b Zig-Zag,  |c 2005, c2005 
300 |a 515 p. 
336 |a texto  |b txt  |2 rdacontenido 
337 |a sin mediación  |b n  |2 rdamedio 
338 |a volumen  |b nc  |2 rdasoporte 
520 |a Obra de referencia del idioma español actualizado con los cambios que propone la 22ª edición del Diccionario de la Real Academia Española. Incluye un glosario de la lengua mapuche y la lista de presidentes y de los Premios Nacionales de Literatura y de Ciencias de Chile. 
649 |a XX 
650 |a Español -  |x Enciclopedias y Diccionarios 
650 |a Lenguas Romances 
650 |a Lenguas Itálicas 
650 |a Lenguas Indo-Europeas 
650 |a Lenguas 
650 |a Lingüística 
650 |a Enciclopedias y Diccionarios 
910 |a Fondo General 
920 |a Impresos - Libros 
930 |a Obras de Referencia 
905 |a 102 
901 |a 0500125762  |b IT2  |c REF  |u 20250521 
902 |a https://opac.biblio.iteso.mx/vufind/Record/000184816